000 00280nam a22001337a 4500
008 181012b xxu||||| |||| 00| 0 eng d
020 _a9780136119715
041 _aeng
080 _25th
_a531
100 _a43
101 _aFIZ
245 _aPhysics
_cGiancoli
942 _2udc
_cBK
999 _c49540
_d49540